Nations in the 1992 Winter Olympics - Statistics

General Stats
  • This quiz has been taken 24 times
  • The average score is 56 of 64
Answer Stats
Hint Answer % Correct
Oceania Australia
100%
Europe Austria
100%
America Canada
100%
Asia China
100%
Europe Finland
100%
Europe France
100%
Europe Germany
100%
Europe Great Britain
100%
Europe Hungary
100%
Europe Iceland
100%
Europe Italy
100%
America Jamaica
100%
Asia Japan
100%
America Mexico
100%
Europe Netherlands
100%
Oceania New Zealand
100%
Asia South Korea
100%
Europe Spain
100%
Europe Sweden
100%
Europe Switzerland
100%
Europe Unified Team
100%
America United States
100%
Europe Belgium
94%
Europe Denmark
94%
Europe Greece
94%
Asia India
94%
Europe Ireland
94%
Asia North Korea
94%
Europe Norway
94%
Europe Poland
94%
Europe Andorra
88%
America Argentina
88%
America Brazil
88%
America Chile
88%
Europe Croatia
88%
Europe Czechoslovakia
88%
Europe Estonia
88%
Europe Latvia
88%
Europe Liechtenstein
88%
Europe Lithuania
88%
Europe Luxembourg
88%
Europe Monaco
88%
Europe Slovenia
88%
Africa Algeria
82%
America Bermuda
82%
America Bolivia
82%
Europe Bulgaria
82%
Africa Morocco
82%
Europe Romania
82%
Europe San Marino
82%
Asia Turkey
82%
Europe Yugoslavia
82%
Asia Chinese Taipei
76%
Asia Cyprus
76%
America Costa Rica
71%
America Honduras
71%
Asia Lebanon
65%
Asia Mongolia
65%
Asia Philippines
65%
America Virgin Islands
59%
America Puerto Rico
53%
America Netherlands Antilles
47%
Africa Senegal
47%
Africa Swaziland
35%
No matching quizzes found
Score Distribution
Percent of People with Each Score
Percentile by Number Answered
Your Score History
You have not taken this quiz